000
00215 a2200097 4500
001
11085
100
_a
Choudhary, G. W.
245
_a
Pakistan relations with India
260
_a
_b
Pall Mall
_c
090
_c
8644
_d
8644
942
_a
NUST-CAE
_c
M
_c
35427
999
_c
246158
_d
246158